Traité élémentaire de physique expérimentale et appliquée et de météorologie, suivi d'un recueil nombreux de problèmes ... / (Record no. 54890)
[ view plain ]
| 000 -LEADER | |
|---|---|
| campo de control de longitud fija | 00661nam a22001935i 4500 |
| 001 - NÚMERO DE CONTROL | |
| campo de control | 54890 |
| 003 - IDENTIFICADOR DE NÚMERO DE CONTROL | |
| campo de control | ES-MaACL |
| 005 - FECHA Y HORA DE LA ÚLTIMA TRANSACCIÓN | |
| campo de control | 20260201063014.0 |
| 007 - CAMPO FIJO DE DESCRIPCIÓN FÍSICA--INFORMACIÓN GENERAL | |
| campo de control de longitud fija | t| |
| 008 - DATOS DE LONGITUD FIJA--INFORMACIÓN GENERAL | |
| campo de control de longitud fija | 960730s1859 fr a ||||1| fre d |
| 040 ## - FUENTE DE CATALOGACIÓN | |
| Centro catalogador/agencia de origen | CAM |
| Lengua de catalogación | spa |
| Centro/agencia transcriptor | CAM |
| 100 1# - ENTRADA PRINCIPAL--NOMBRE DE PERSONA | |
| Nombre de persona | Ganot, Adolphe, |
| Fechas asociadas al nombre | 1804-1887 |
| 9 (RLIN) | 53876 |
| 245 10 - MENCIÓN DEL TÍTULO | |
| Título | Traité élémentaire de physique expérimentale et appliquée et de météorologie, suivi d'un recueil nombreux de problèmes ... / |
| Mención de responsabilidad, etc. | par A. Ganot. |
| 250 ## - MENCION DE EDICION | |
| Mención de edición | 8e éd. |
| 260 ## - PUBLICACIÓN, DISTRIBUCIÓN, ETC. | |
| Lugar de publicación, distribución, etc. | Paris : |
| Nombre del editor, distribuidor, etc. | chez l'auteur-éditeur, |
| Fecha de publicación, distribución, etc. | 1859 ( |
| Fabricante | Imprimerie de J. Clave) |
| 300 ## - DESCRIPCIÓN FÍSICA | |
| Extensión | 824 p. : |
| Otras características físicas | il. ; |
| Dimensiones | 18 cm. |
| 852 ## - LOCALIZACIÓN | |
| Ubicación | ES-MaACL |
| Número de control de estantería | C-3507 |
| Estatus retirado | Estado de pérdida | Estado de daño | No para préstamo | Colección | Biblioteca de origen | Biblioteca actual | Ubicación en estantería | Fecha de adquisición | Fuente de adquisición | Total de préstamos | Signatura topográfica completa | Código de barras | Visto por última vez | Precio de reemplazo | Tipo de ítem Koha |
|---|---|---|---|---|---|---|---|---|---|---|---|---|---|---|---|
| Libros del s. XIX | Biblioteca del Ateneo de Madrid | Biblioteca del Ateneo de Madrid | Sala Palomar | 17/01/2008 | C-3507 | 1057680 | 23/02/2023 | 23/02/2023 | Libro impreso antiguo |
